Największe miasto z 4 literami w tym kraju - Statystyki

Ogólne statystyki
  • Ten quiz został rozwiązany 165 razy
  • Średni wynik to 7 z 18
Statystyki odpowiedzi
Kraj Miasto % Poprawnych
Czechy Brno
81%
Korea Poludniowa Seul
81%
Francja Lyon
73%
Polska Łodz
68%
Holandia Haga
65%
Ukraina Lwów
55%
Irlandia Cork
51%
Malediwy Male
50%
Timor Wschodni Dili
35%
Fidzi Suva
35%
Rosja Omsk
32%
Algérien Oran
25%
Węgry Pecz
25%
Chiny Xi'an
23%
Nigeria Kano
18%
Chorwacja Pula
15%
Stany Zjednoczone Mesa
5%
Szwajcaria Biel
2%
Nie znaleziono quizów pasujących do podanych kryteriów
Rozkład punktacji
Procent ludzi z każdym wynikiem
Percentyl według liczby udzielonych odpowiedzi
Twoja historia wyników
Nie rozwiązałeś tego quizu